000 00439nam a2200157Ia 4500
008 230917s9999||||xx |||||||||||||| ||und||
040 _e174713
_aMAIN
041 _aEnglish
082 _a510.2462 M896M(2)
100 _aMukhopadhyay, A K
245 0 _aMathematical methods for engineers and physicists
250 _a2nd ed.
260 _aNew Delhi
_bI K International Publishing House
_c2010
300 _axviii, 1028 p.
942 _cBK
999 _c143116
_d143116